00329nam a2200133Ia 4500003000900000008004100009040001300050040001300063100002000076245005000096260003500146300000800181490000600189IT-RoPAU120407s9999 xx 000 0 und d aIT-RoPAU cIT-RoPAU aEnrico Contardi aGerberto d'Aurillac - Silvestro II (938-1003) aPia Società Figlie San Paolo c cm v1